000 00763 a2200217 4500
010 _aENG-85415
020 _a8173715661
_c425.00
035 _aEN-68948
037 _bD.B.Act / Pub
082 1 4 _a597.92
090 _c2496
_d2496
245 1 _aMarine turtles of the Indian subcontinent
_cedited by Kartik shankar and B. C. Choudhury
260 _aHyderabad
_bUniverisities Press
_c2006
270 _a3-5-829, Hyderguda
_bHyderabad
_e500 029
_k011-27341717
_l011-27341616
_mmreddy@universitiespress.com
300 _a415 p.
_c24 cm (Pbk.)
500 _aIncludes index
710 1 _aShankar, kartik
710 1 _aChoudhury, B. C.
942 _adpl
_cEN
_k597.92 / MAR
999 _c2455
_d2455